On A Christmas Tree - Statistics

General Stats
  • This quiz has been taken 18 times
  • The average score is 6 of 13
Answer Stats
Object % Correct
Lights
94%
Star
94%
Ornament
82%
Tinsel
76%
Angel
65%
Ribbon
41%
Candy Cane
35%
Garland
35%
Popcorn
35%
Bauble
24%
Figurines
6%
Icicles
6%
Snowflakes
6%
No matching quizzes found
Score Distribution
Percent of People with Each Score
Percentile by Number Answered
Your Score History
You have not taken this quiz